A TIME TO MOURN (Record no. 3932)

MARC details
000 -LEADER
fixed length control field 00450nam a22001457a 4500
005 - DATE AND TIME OF LATEST TRANSACTION
control field 20220315161401.0
008 - FIXED-LENGTH DATA ELEMENTS--GENERAL INFORMATION
fixed length control field 220315b |||||||| |||| 00| 0 eng d
020 ## - INTERNATIONAL STANDARD BOOK NUMBER
International Standard Book Number 978 9982 24 1212
040 ## - CATALOGING SOURCE
Transcribing agency MARC
082 ## - DEWEY DECIMAL CLASSIFICATION NUMBER
Edition number 21
Classification number 276.894HUD
245 ## - TITLE STATEMENT
Title A TIME TO MOURN
Remainder of title A PERSONAL ACCOUNT OF THE 1964 LUMPA CHURCH REVOLT IN ZAMBIA
Statement of responsibility, etc. JOHN HUDSON
260 ## - PUBLICATION, DISTRIBUTION, ETC.
Place of publication, distribution, etc. LUSAKA
Name of publisher, distributor, etc. BOOKWOLD PUBLISHERS
Date of publication, distribution, etc. 1999
300 ## - PHYSICAL DESCRIPTION
Other physical details bibliography
Dimensions ill. tables. 139p.
942 ## - ADDED ENTRY ELEMENTS (KOHA)
Source of classification or shelving scheme Dewey Decimal Classification
Koha item type Books
Holdings
Withdrawn status Lost status Source of classification or shelving scheme Damaged status Not for loan Home library Current library Shelving location Date acquired Total Checkouts Full call number Date last seen Price effective from Koha item type
    Dewey Decimal Classification     Chalimbana Main Library Chalimbana Main Library Religion 03/15/2022   276.894HUD 03/15/2022 03/15/2022 Books
    Dewey Decimal Classification     Chalimbana Main Library Chalimbana Main Library Religion 03/15/2022   276.894HUD 03/15/2022 03/15/2022 Books
    Dewey Decimal Classification     Chalimbana Main Library Chalimbana Main Library Religion 03/15/2022   276.894HUD 03/15/2022 03/15/2022 Books
    Dewey Decimal Classification     Chalimbana Main Library Chalimbana Main Library Religion 03/15/2022   276.894HUD 03/15/2022 03/15/2022 Books
    Dewey Decimal Classification     Chalimbana Main Library Chalimbana Main Library Religion 03/15/2022   276.894HUD 03/15/2022 03/15/2022 Books
    Dewey Decimal Classification     Chalimbana Main Library Chalimbana Main Library Religion 03/15/2022   276.894HUD 03/15/2022 03/15/2022 Books
    Dewey Decimal Classification     Chalimbana Main Library Chalimbana Main Library Religion 03/15/2022   276.894HUD 03/15/2022 03/15/2022 Books
    Dewey Decimal Classification     Chalimbana Main Library Chalimbana Main Library Religion 03/15/2022   276.894HUD 03/15/2022 03/15/2022 Books
    Dewey Decimal Classification     Chalimbana Main Library Chalimbana Main Library Religion 03/15/2022   276.894HUD 03/15/2022 03/15/2022 Books
    Dewey Decimal Classification     Chalimbana Main Library Chalimbana Main Library Religion 03/15/2022   276.894HUD 03/15/2022 03/15/2022 Books

Powered by Koha